| 000 | 00352nam a2200145Ia 4500 | ||
|---|---|---|---|
| 008 | 150201s2007 xx 000 0 und d | ||
| 082 |
_a157.94 _bP07B |
||
| 100 | _aBRODDOM , RANDALL L. | ||
| 245 | _aPHYSICAL MEDICINE & RHABILITATION | ||
| 250 | _a3RD | ||
| 260 |
_bELSEVIER _aINDIA _c2007 |
||
| 300 | _a1-1472 | ||
| 650 | _aMEDICINE | ||
| 942 |
_2ddc _cBK |
||
| 999 |
_c1533 _d1533 |
||